Labor economics / (Record no. 8906)
[ view plain ]
| 000 -LEADER | |
|---|---|
| fixed length control field | 01111nam a22003135a 4500 |
| 008 - FIXED-LENGTH DATA ELEMENTS--GENERAL INFORMATION | |
| fixed length control field | 150824t2008 xxua frb 001 0 eng d |
| 010 ## - LIBRARY OF CONGRESS CONTROL NUMBER | |
| LC control number | 2007002125 |
| 020 ## - INTERNATIONAL STANDARD BOOK NUMBER | |
| International Standard Book Number | 9780071101424 (alk. paper) |
| 020 ## - INTERNATIONAL STANDARD BOOK NUMBER | |
| International Standard Book Number | 007110142X |
| 035 ## - SYSTEM CONTROL NUMBER | |
| System control number | (OCoLC)ocm79256820 |
| 035 ## - SYSTEM CONTROL NUMBER | |
| System control number | (OCoLC)79256820 |
| 040 ## - CATALOGING SOURCE | |
| Original cataloging agency | EG-ScBUE |
| Language of cataloging | eng |
| Transcribing agency | EG-ScBUE |
| 082 04 - DEWEY DECIMAL CLASSIFICATION NUMBER | |
| Classification number | 331 |
| Item number | BOR |
| Edition number | 22 |
| 100 1# - MAIN ENTRY--PERSONAL NAME | |
| Personal name | Borjas, George J. |
| 9 (RLIN) | 27502 |
| 245 10 - TITLE STATEMENT | |
| Title | Labor economics / |
| Statement of responsibility, etc | George J. Borjas. |
| 250 ## - EDITION STATEMENT | |
| Edition statement | 4th ed., International Edition. |
| 260 ## - PUBLICATION, DISTRIBUTION, ETC. (IMPRINT) | |
| Place of publication, distribution, etc | Boston : |
| Name of publisher, distributor, etc | McGraw-Hill/Irwin, |
| Date of publication, distribution, etc | c.2008. |
| 300 ## - PHYSICAL DESCRIPTION | |
| Extent | xvi, 544 p. : |
| Other physical details | ill. ; |
| Dimensions | 24 cm. |
| 500 ## - GENERAL NOTE | |
| General note | Includes indexes. |
| 504 ## - BIBLIOGRAPHY, ETC. NOTE | |
| Bibliography, etc | Includes bibliographical references. |
| 590 ## - LOCAL NOTE (RLIN) | |
| Local note | Menna elemam |
| 650 #0 - SUBJECT ADDED ENTRY--TOPICAL TERM | |
| Topical term or geographic name as entry element | Labor economics. |
| Source of heading or term | BUEsh |
| 650 #0 - SUBJECT ADDED ENTRY--TOPICAL TERM | |
| Topical term or geographic name as entry element | Labor market |
| Geographic subdivision | United States. |
| Source of heading or term | BUEsh |
| 9 (RLIN) | 27504 |
| 651 ## - SUBJECT ADDED ENTRY--GEOGRAPHIC NAME | |
| Source of heading or term | BUEsh |
| 653 ## - INDEX TERM--UNCONTROLLED | |
| Resource For college | BAEPS, Economics |
| Arrived date list | August2015 |
| 856 42 - ELECTRONIC LOCATION AND ACCESS | |
| Materials specified | Publisher description |
| Uniform Resource Identifier | <a href="http://www.loc.gov/catdir/enhancements/fy0708/2007002125-d.html">http://www.loc.gov/catdir/enhancements/fy0708/2007002125-d.html</a> |
| 856 42 - ELECTRONIC LOCATION AND ACCESS | |
| Materials specified | Table of contents only |
| Uniform Resource Identifier | <a href="http://www.loc.gov/catdir/enhancements/fy0714/2007002125-t.html">http://www.loc.gov/catdir/enhancements/fy0714/2007002125-t.html</a> |
| 942 ## - ADDED ENTRY ELEMENTS (KOHA) | |
| Item type | |
| Call number prefix | 331 BOR |
| Source of classification or shelving scheme | Dewey Decimal Classification |
| Withdrawn status | Item status | Source of classification or shelving scheme | Damaged status | Not for loan | Home library | Current library | Shelving location | Date acquired | Source of acquisition | Total Checkouts | Total Renewals | Full call number | Barcode | Date last seen | Date last borrowed | Koha item type | Vendor |
|---|---|---|---|---|---|---|---|---|---|---|---|---|---|---|---|---|---|
| Dewey Decimal Classification | Central Library | Central Library | First floor | 30/03/2008 | Purchase | 3 | 3 | 331 BOR | 000010855 | 15/07/2025 | 11/10/2011 | Book - Borrowing | |||||
| Dewey Decimal Classification | Central Library | Central Library | First floor | 11/10/2011 | 2 | 331 BOR | 000005954 | 15/07/2025 | 13/10/2011 | NB - Book (Non borrowing) | Baccah | ||||||
| Dewey Decimal Classification | Central Library | Central Library | First floor | 11/10/2011 | 13 | 50 | 331 BOR | 000005953 | 15/07/2025 | 09/11/2020 | Book - Borrowing |